=LDR 00000nam 2200000 4500 =001 INLIS000000000012203 =005 20130612103736 =008 ***********************************Ind** =035 ##$$0010-061300000012203 =041 ##$$a Ind =082 ##$$a 539.7 =090 ##$$a 539.7, Sur t =100 ##$$a Surryowinoto, Musa =245 ##$$a Tenaga atom, pemanfaatannya dalam tehnologi dan pertanian, Musa Suryowinoto =260 ##$$a 1990 $b Yogyakarta =300 ##$$a 151 hlm., Ilus, 21 cm =650 ##$$a Fisika Atom =850 ##$$a NBPNMAT